000 00716nas a2200217 4500
001 BR7302461
003 BR-BrBNA
005 20231205082431.0
007 ta
008 230509b bl.|||p| |||| 00| 00por d
040 _aBR-BrBNA
_bpor
_cBiblioteca Nacional de Agricultura
041 _a(Pt)
072 _aF70; F50
100 1 _aHoehne, F.C.
245 1 _aNovas especies e contribuicoes para o conhecimento do genero Aristolochia na America do Sul [trepadeira]
650 _aTAXONOMIA VEGETAL
650 _aARISTOLOCHIA
773 0 _tArquivos de Botanica do Estado de Sao Paulo (Brazil)
_xISSN 0374-5031
_g(1947), v. 2(4) p. 95-103
_wBR7302461
909 _a202311
_bLúcia
_c55
_dLúcia Elande
942 _2AGRIS
_n0
_cANA
999 _c91776
_d91776